Statistiques concernant Culture Générale - Série 1279

Cliquez ici pour prendre le quiz!

Statistiques générales

  • Ce quiz a été pris 30 fois
  • Le résultat moyen est 6 sur 10

Statistiques - réponses

Question Réponse % Correct
Combien de pays ont une frontière terrestre commune avec la France ?8
100%
Au large de quel pays de la Méditerranée se trouve l'île de Santorin ?Grèce
96%
Combien d'étoiles ornent le drapeau chinois ?cinq
93%
Dans le sud de la France, comment appelle-t-on les criques bordées de rochers escarpés ?calanques
61%
Quel roi des Anglais du VIème siècle combattit les envahisseurs saxons, puis devint un personnage de légende incarnant le roi idéal ?roi Arthur
54%
Quel était le slogan de campagne de François Mitterrand en 1981 ?la force tranquille
46%
Comment s'appelle la basilique qui surplombe Marseille ?Notre-Dame-de-la-Garde
46%
Quel est le prénom de la grande chanteuse d'opéra Dessay ?Nathalie
39%
Quel pays a été victime d'une invasion soviétique en 1956 ?Hongrie
36%
Comment s'appelle la ville souterraine de Montréal ?Le RÉSO
0%

Distribution des résultats

Percentile by Number Answered

% des personnes avec chaque résultat

Votre développement - résultats

Vous n’avez pas pris ce quiz